000 01105cam a22003495a 4500
001 16277399
003 OSt
005 20140310182904.0
008 100610m20092010ph 001 0 eng
010 _a 2010338540
020 _a9789715505963 (v. 1)
020 _a9789715506069 (v. 2)
040 _aDLC
_cDLC
_dDLC
042 _alcode
043 _aa-ph---
050 _a BX 3746
_bAb141 2010
082 _aFIL 271.530599
_bC532 2010
100 1 _aChirino, Pedro,
_d1557-1635.
245 1 0 _aHistory of the Philippine province of the Society of Jesus /
_cby Pedro Chirino ; edited by Jaume Gorriz i Abella ; translated from the original Spanish by José S. Arcilla.
260 _aQuezon City :
_bAteneo de Manila University Press,
_cc2009-c2010.
300 _a2 v. ;
_c23 cm.
500 _aIncludes index.
521 _aCollege
526 _c1210L-1700L
541 _j1
562 _e1
700 1 _aGorriz i Abella, Jaume.
700 1 _aArcilla, José S.
906 _a7
_bpar
_corigode
_d3
_encip
_f20
_gy-gencatlg
942 _2lcc
_cBK
_kFIL
999 _c17135
_d17135